[Event "KEN-chT"]
[Site "Nairobi"]
[Date "2019.11.09"]
[Round "27.1"]
[White "Christie, Karan Renold"]
[Black "Young, Collins1111"]
[Result "0-1"]
[WhiteElo "1693"]
[BlackElo "1696"]
[PlyCount "89"]
[EventDate "2019.02.09"]
[EventType "team-tourn"]
[EventRounds "27"]
[EventCountry "KEN"]
[SourceTitle "CBM 192 Extra"]
[Source "Chessbase"]
[SourceDate "2019.11.06"]
[SourceVersion "1"]
[SourceVersionDate "2019.11.06"]
[SourceQuality "1"]
[WhiteTeam "Daystar University"]
[BlackTeam "Bank of Africa"]
[WhiteTeamCountry "KEN"]
[BlackTeamCountry "KEN"]

1. d4 Nf6 2. Nf3 g6 3. Bf4 Bg7 4. e3 0-0 5. h3 d6 6. c3 Nbd7 7. Be2 Ne4 8. 0-0 e5 9. Bh2 exd4 10. exd4 Ng5 11. Nbd2 Nxf3+ 12. Bxf3 Nf6 13. Re1 c6 14. Nc4 d5 15. Nd6 Ne8 16. Nxc8 Rxc8 17. Qb3 Qb6 18. Qxb6 axb6 19. Re7 Nf6 20. Rxb7 b5 21. Re1 Rfe8 22. Rxe8+ Nxe8 23. Bf4 h6 24. Kf1 Bf8 25. Ke2 Nd6 26. Ra7 g5 27. Bh2 Re8+ 28. Kd1 Ne4 29. Bg1 b4 30. Bh5 Re7 31. Rxe7 Bxe7 32. Kc2 bxc3 33. bxc3 Nf6 34. Be2 Kf8 35. Bh2 Ke8 36. a4 Bd8 37. f3 Ba5 38. Bd6 Kd7 39. Bb4 Bb6 40. a5 Ba7 41. Kb3 Ne8 42. Bf8 h5 43. f4 gxf4 44. Bxh5 Ke6 45. a6 0-1

[Event "UGA-ch op"]
[Site "Kampala"]
[Date "2017.11.09"]
[Round "1"]
[White "Christie, Karan Renold"]
[Black "Baagadde, Daniel"]
[Result "0-1"]
[WhiteElo "1634"]
[BlackElo "1991"]
[PlyCount "47"]
[EventDate "2017.11.09"]
[EventType "swiss"]
[EventRounds "8"]
[EventCountry "UGA"]
[SourceTitle "EXT 2019"]
[Source "ChessBase"]
[SourceDate "2018.10.10"]
[SourceVersion "1"]
[SourceVersionDate "2018.10.10"]
[SourceQuality "1"]

1. d4 d5 2. Nf3 Nf6 3. c4 dxc4 4. Nc3 c6 5. a4 Bf5 6. e3 e6 7. Bxc4 Bb4 8. 0-0 0-0 9. Qb3 Qb6 10. Nh4 Bg6 11. Nxg6 hxg6 12. Bd3 Nbd7 13. Qd1 c5 14. Ne2 Rfd8 15. Bd2 Qa5 16. Bxb4 Qxb4 17. Qe1 Qxb2 18. Rb1 Qa3 19. Bb5 cxd4 20. Nxd4 a6 21. Be2 Nc5 22. a5 Rac8 23. Bc4 Na4 24. Be2 0-1